[Event "Women's Speed Chess Q2"]
[Site "chess.com INT"]
[Date "2021.05.29"]
[Round "3"]
[White "Swati, Mohota"]
[Black "Varshini, V"]
[Result "1/2-1/2"]
[WhiteTitle "WFM"]
[BlackTitle "WGM"]
[WhiteElo "2027"]
[BlackElo "2226"]
[WhiteFideId "5006511"]
[BlackFideId "5091241"]
[EventDate "2021.05.29"]

1. d4 d5 2. Nf3 e6 3. g3 Nf6 4. Bg2 Be7 5. O-O O-O 6. c3 b6 7. Nbd2 Bb7 8. Re1
Nbd7 9. Ne5 c5 10. f4 Ne4 11. Nxe4 dxe4 12. Nxd7 Qxd7 13. Be3 cxd4 14. Bxd4 Rfd8
15. Qc2 Qc6 16. Rad1 Bc5 17. Bxc5 Qxc5+ 18. Kf1 f5 19. Rxd8+ Rxd8 20. Rd1 Rd5
21. c4 Rd4 22. b4 Qd6 23. Rxd4 Qxd4 24. c5 bxc5 25. bxc5 Bc6 26. Qb3 Kf7 27. e3
Qxc5 28. Kf2 Bd5 29. Qa4 Qb6 30. Qd7+ Kf6 31. Bf1 Qb7 32. Qd8+ Qe7 33. Qa5 Kf7
34. Be2 g6 35. a4 Kg7 36. Qc3+ Qf6 37. Qc7+ Qf7 38. Qc3+ Kg8 39. Qc8+ Qf8 40.
Qc3 Qe7 41. Qc8+ Kf7 42. Qh8 Qf6 43. Qxh7+ Qg7 44. Qh4 Qb2 45. Qh7+ Qg7 46. Qh4
Qb2 47. Qh7+ Qg7 1/2-1/2

[Event "Women's Speed Chess Q2"]
[Site "chess.com INT"]
[Date "2021.05.29"]
[Round "3"]
[White "Nikolova, Adriana"]
[Black "Vargas, Gabriela"]
[Result "0-1"]
[WhiteTitle "WGM"]
[BlackTitle "WIM"]
[WhiteElo "2243"]
[BlackElo "2170"]
[WhiteFideId "2908689"]
[BlackFideId "3700860"]
[EventDate "2021.05.29"]

1. e4 e6 2. d4 d5 3. Nd2 Nc6 4. Ngf3 Nf6 5. e5 Nd7 6. Bd3 Nb4 7. Be2 c5 8. c3
Nc6 9. O-O Qb6 10. Nb3 a5 11. a4 cxd4 12. cxd4 Be7 13. Bb5 O-O 14. Bg5 h6 15.
Be3 Na7 16. Bd3 Nc6 17. Rc1 f6 18. Bb1 f5 19. Kh1 Rf7 20. Rg1 Nf8 21. g4 f4 22.
Bd2 g5 23. h4 Bd7 24. hxg5 hxg5 25. Kg2 Rc8 26. Rh1 Nb4 27. Rxc8 Bxc8 28. Qg1
Rg7 29. Qh2 Bd8 30. Nc5 Na6 31. Qh8+ Kf7 32. Qh5+ Ke7 33. Nxa6 bxa6 34. Nxg5
Qxd4 35. Nf3 Qxb2 36. Bxf4 Bb7 37. Bg5+ Kd7 38. Bxd8 Kxd8 39. Bd3 d4 40. Rb1
Bxf3+ 41. Kxf3 Qc3 42. Ke2 Kc7 43. Qe8 Nd7 44. Qxe6 Qc6 45. Qf5 Re7 46. f4 Nc5
47. Bc4 Qg2+ 48. Kd1 Qg1+ 49. Kc2 Qf2+ 50. Kc1 Qe1+ 51. Kb2 Qc3+ 52. Ka2 Qxc4+
53. Kb2 Nxa4+ 54. Ka3 Nc5 55. Rb2 Qc3+ 56. Ka2 d3 57. e6 Qc4+ 0-1

[Event "Women's Speed Chess Q2"]
[Site "chess.com INT"]
[Date "2021.05.29"]
[Round "3"]
[White "Agrest, Inna"]
[Black "Berend, Elvira"]
[Result "1/2-1/2"]
[WhiteTitle "WIM"]
[BlackTitle "WGM"]
[WhiteElo "2285"]
[BlackElo "2326"]
[WhiteFideId "1708830"]
[BlackFideId "4000510"]
[EventDate "2021.05.29"]

1. e4 e5 2. Nf3 Nc6 3. Bb5 Nf6 4. d3 d6 5. c3 Be7 6. O-O O-O 7. Re1 a6 8. Ba4 b5
9. Bc2 Bb7 10. Nbd2 Re8 11. Nf1 Bf8 12. Ng3 g6 13. a4 Bg7 14. h3 h6 15. Be3 Kh7
16. Nh2 Qd7 17. Qf3 Rf8 18. Ng4 Nxg4 19. hxg4 d5 20. exd5 Ne7 21. c4 c6 22. Ne4
cxd5 23. Nc5 Qc6 24. Nxb7 Qxb7 25. axb5 axb5 26. Rxa8 Qxa8 27. Bc5 Qb7 28. Bxe7
Qxe7 29. Qxd5 Qb4 30. Re2 bxc4 31. dxc4 Kh8 32. b3 Qc3 33. g3 Qa1+ 34. Kg2 Qc3
35. c5 e4 36. Bxe4 Qb4 37. c6 Qb6 38. Qd7 Qb5 39. Rd2 Qb4 40. c7 Qxe4+ 41. Kh2
Qb7 42. Qd8 Kh7 43. Rc2 Qb6 44. Qxf8 Bxf8 45. c8=Q Bg7 46. Qd7 Qf6 47. Qd3 Qg5
48. Qf3 Qb5 49. Kg2 Qb4 50. Re2 Kg8 51. Re8+ Bf8 52. Qa8 Kg7 53. g5 hxg5 54. Qd5
g4 55. Qe5+ Kg8 56. Qd5 Kg7 57. Qd7 Kg8 58. Qd5 Kg7 1/2-1/2

[Event "Women's Speed Chess Q2"]
[Site "chess.com INT"]
[Date "2021.05.29"]
[Round "3"]
[White "Pham, Le Thao Nguyen"]
[Black "Secopito, Catherine"]
[Result "1-0"]
[WhiteTitle "IM"]
[BlackTitle "WIM"]
[WhiteElo "2369"]
[BlackElo "2075"]
[WhiteFideId "12401226"]
[BlackFideId "5202744"]
[EventDate "2021.05.29"]

1. d4 d5 2. Nf3 Nf6 3. Bf4 e6 4. e3 Bd6 5. Bg3 c5 6. c3 O-O 7. Nbd2 b6 8. Ne5
Bb7 9. Bd3 Nc6 10. f4 Ne7 11. Bh4 Nf5 12. Bxf5 exf5 13. O-O Be7 14. Qa4 Ne4 15.
Bxe7 Qxe7 16. Nxe4 fxe4 17. Rad1 f6 18. Ng4 a6 19. h3 Rfd8 20. Rf2 Rac8 21. Rfd2
h5 22. Nf2 b5 23. Qa5 c4 24. a4 Qd7 25. Ra1 Ra8 26. Rdd1 h4 27. Ra3 Rdb8 28.
Rda1 Bc6 29. axb5 Rxb5 30. Qa4 Rxb2 31. Qd1 Qb7 32. Qh5 Rb1+ 33. Kh2 Rxa1 34.
Rxa1 Qb2 35. Rf1 Qxc3 36. Ng4 Qd3 37. Ra1 Ra7 38. Qg6 Kf8 39. Nxf6 gxf6 40.
Qxf6+ Rf7 41. Qxc6 Qxe3 42. Qd6+ Kg8 43. Rf1 Qg3+ 44. Kh1 Rg7 45. Qxd5+ Kh7 46.
Qh5+ Kg8 47. Qe8+ Kh7 48. Qxe4+ Qg6 49. f5 Qf6 50. Rf4 c3 51. Rxh4+ Kg8 52. Qe8+
Qf8 53. Rh8+ Kxh8 54. Qxf8+ Kh7 55. Qc5 Rg3 56. Kh2 Re3 57. d5 1-0

[Event "Women's Speed Chess Q2"]
[Site "chess.com INT"]
[Date "2021.05.29"]
[Round "3"]
[White "Belenkaya, Dina"]
[Black "Arabidze, Meri"]
[Result "0-1"]
[WhiteTitle "WGM"]
[BlackTitle "IM"]
[WhiteElo "2304"]
[BlackElo "2436"]
[WhiteFideId "24142654"]
[BlackFideId "13604040"]
[EventDate "2021.05.29"]

1. e4 e5 2. Nf3 Nc6 3. Bb5 a6 4. Ba4 Nf6 5. d3 d6 6. c3 g6 7. Nbd2 Bg7 8. O-O
O-O 9. Re1 Nd7 10. b4 a5 11. b5 Ne7 12. d4 b6 13. Bb3 Bb7 14. a4 d5 15. Ba3 exd4
16. cxd4 Re8 17. e5 Nf8 18. Rc1 Ne6 19. Nf1 Nf5 20. Ne3 Nxe3 21. fxe3 f6 22. Rf1
fxe5 23. Nxe5 Qg5 24. Qf3 Bxe5 25. dxe5 Rf8 26. Bxf8 Rxf8 27. Qg3 Qxg3 28. hxg3
Nc5 29. Rxf8+ Kxf8 30. Bc2 Ke7 31. Kf2 Ke6 32. Rh1 h5 33. g4 hxg4 34. Rh6 Kxe5
35. Rxg6 d4 36. exd4+ Kxd4 37. Rxg4+ Kc3 38. Bf5 Kb3 39. Rd4 Nxa4 40. Bc2+ Kxc2
41. Rxa4 Kb3 42. Rd4 a4 43. g4 a3 44. Ke3 a2 45. Rd1 Kb2 46. Rd2+ Kb1 47. Rd1+
Kc2 48. Rg1 Bd5 49. Kd4 Be6 50. g5 Kb2 51. Rg2+ Kb1 52. Rg1+ Kb2 53. Rg2+ Ka3
54. Rg1 Bf5 55. Rg3+ Kb2 56. Rg2+ Bc2 57. Rg1 Bb1 58. Rg2+ Ka3 59. Rxa2+ Bxa2
60. Kc3 Ka4 61. g6 Kxb5 62. g7 c5 63. Kb2 Bg8 64. Kc3 Kc6 65. Kd3 b5 0-1

[Event "Women's Speed Chess Q2"]
[Site "chess.com INT"]
[Date "2021.05.29"]
[Round "3"]
[White "Antolak, Julia"]
[Black "Bivol, Alina"]
[Result "1/2-1/2"]
[WhiteTitle "WIM"]
[BlackTitle "WGM"]
[WhiteElo "2306"]
[BlackElo "2385"]
[WhiteFideId "1159569"]
[BlackFideId "4100123"]
[EventDate "2021.05.29"]

1. e4 e6 2. d4 d5 3. Nd2 c5 4. exd5 exd5 5. Bb5+ Nc6 6. Ngf3 Qe7+ 7. Qe2 Qxe2+
8. Kxe2 a6 9. Bxc6+ bxc6 10. dxc5 Bxc5 11. Nb3 Bd6 12. Be3 Bg4 13. h3 Bxf3+ 14.
Kxf3 Nf6 15. Rhe1 Kd7 16. Nd4 Rhe8 17. Nf5 Bf8 18. Bd4 Ne4 19. Bxg7 Nd2+ 20. Kf4
Bc5 21. Bd4 Bxd4 22. Nxd4 h5 23. g4 hxg4 24. hxg4 a5 25. Rad1 Rxe1 26. Rxe1 a4
27. Re2 Ne4 28. f3 Nc5 29. b3 axb3 30. axb3 Ra1 31. b4 Rd1 32. c3 Nd3+ 33. Kg5
Nxb4 34. Nf5 Nd3 35. Re7+ Kd8 36. Rxf7 Ne1 37. f4 Rd3 38. Kf6 Rxc3 39. g5 Nd3
40. Nd4 Nxf4 41. Ke5 Ng6+ 42. Kd6 c5 43. Ne6+ Kc8 44. Rg7 Nh4 45. Rc7+ Kb8 46.
Rxc5 Nf5+ 47. Kxd5 Rxc5+ 48. Kxc5 Kc8 49. Kd5 Kd7 50. Ke5 Nh4 51. Kf6 Ke8 52.
Ng7+ Kf8 53. Nf5 Nxf5 54. Kxf5 Kf7 55. g6+ Kg7 56. Kg5 Kg8 57. Kf6 Kf8 58. g7+
Kg8 59. Kg6 1/2-1/2

[Event "Women's Speed Chess Q2"]
[Site "chess.com INT"]
[Date "2021.05.29"]
[Round "3"]
[White "Frattini, Beatriz Maria"]
[Black "Golubenko, Valentina"]
[Result "1-0"]
[WhiteTitle "WCM"]
[BlackTitle "WGM"]
[WhiteElo "1854"]
[BlackElo "2209"]
[WhiteFideId "22715002"]
[BlackFideId "4501993"]
[EventDate "2021.05.29"]

1. e4 e6 2. d4 d5 3. Nc3 Nf6 4. Bg5 Be7 5. e5 Nfd7 6. h4 Bxg5 7. hxg5 Qxg5 8.
Nh3 Qd8 9. Qg4 g6 10. Ng5 h6 11. Nh3 a6 12. Nf4 g5 13. Nh3 c5 14. f4 cxd4 15.
Ne2 Nc6 16. O-O-O Qa5 17. Kb1 b5 18. Nxg5 Bb7 19. Nxd4 Nxd4 20. Rxd4 O-O-O 21.
Nf3 Kb8 22. f5 Rdg8 23. Qf4 Qb6 24. fxe6 Qxe6 25. a4 Rg6 26. axb5 axb5 27. Bxb5
Rxg2 28. Bxd7 Qxd7 29. e6+ Qc7 30. Qxc7+ Kxc7 31. exf7 Rf8 32. Rf4 Rf2 33. Rxh6
d4 34. Rhf6 Bxf3 35. Rxf3 Rxf3 36. Rxf3 Kd6 37. Kc1 Ke5 38. Kd2 Ke4 39. Rf1 Ke5
40. Kd3 Kd5 41. Rf5+ Ke6 42. Ke4 Kd6 43. Kxd4 Ke6 44. Rf1 Rd8+ 45. Ke3 Rf8 46.
c4 Kd6 47. Kd4 Kc6 48. b4 Rd8+ 49. Ke5 Rf8 50. Ke6 Kc7 51. Ke7 Rd8 52. f8=Q Rd7+
53. Ke6 Kc6 54. Qc8+ Rc7 55. Qxc7+ Kxc7 56. Kd5 Kb6 57. c5+ Kb5 58. c6 Kxb4 59.
c7 Kc3 60. c8=Q+ Kd3 61. Qc4+ Kd2 62. Qd4+ Ke2 63. Rf2+ Ke1 64. Qe3+ Kd1 65.
Qd2# 1-0

[Event "Women's Speed Chess Q2"]
[Site "chess.com INT"]
[Date "2021.05.29"]
[Round "3"]
[White "Sargsyan, Anna M."]
[Black "Balabayeva, Xeniya"]
[Result "1-0"]
[WhiteTitle "WGM"]
[BlackTitle "WFM"]
[WhiteElo "2385"]
[BlackElo "2178"]
[WhiteFideId "13308130"]
[BlackFideId "13719688"]
[EventDate "2021.05.29"]

1. d4 Nf6 2. c4 e6 3. Nf3 d5 4. Nc3 Bb4 5. Bg5 h6 6. Bxf6 Qxf6 7. Qa4+ Nc6 8. e3
O-O 9. cxd5 exd5 10. Bd3 Bg4 11. Nd2 Bd7 12. Qc2 Bxc3 13. Qxc3 Rfc8 14. O-O Ne7
15. b4 c6 16. Nb3 b6 17. a4 Qg5 18. Rfc1 Bh3 19. Bf1 Qg6 20. Nd2 Bf5 21. Nf3 Qe6
22. Qd2 Ng6 23. Rc3 Be4 24. Ne1 h5 25. Rac1 h4 26. f3 Bf5 27. Ba6 Rc7 28. b5 Ne7
29. bxc6 h3 30. g4 Bg6 31. Bb7 Rd8 32. Nd3 Bxd3 33. Qxd3 f5 34. g5 f4 35. exf4
Rf8 36. Qe3 Qd6 37. Qe5 Qd8 38. Re3 Ng6 39. Qe6+ Rff7 40. f5 Qxg5+ 41. Kf1 Nf4
42. Qe8+ Rf8 43. Qe5 Rff7 44. Rc2 Ng2 45. f4 Qh5 46. Rg3 Qd1+ 47. Kf2 Qxc2+ 48.
Kf3 Qe4+ 49. Qxe4 dxe4+ 50. Kxe4 Rfe7+ 51. Kd3 Nxf4+ 52. Kc4 Ne2 53. Rxh3 Re4
54. Rd3 Kf7 55. Kd5 Rxd4+ 56. Rxd4 Nxd4 57. Kxd4 Ke7 58. Ke5 a5 59. h4 Kf7 60.
Kd6 Re7 61. c7 1-0

[Event "Women's Speed Chess Q2"]
[Site "chess.com INT"]
[Date "2021.05.29"]
[Round "3"]
[White "Singgih, Diajeng Theresa"]
[Black "Lujan, Carolina"]
[Result "1-0"]
[WhiteTitle "WFM"]
[BlackTitle "IM"]
[WhiteElo "1972"]
[BlackElo "2346"]
[WhiteFideId "7104391"]
[BlackFideId "109878"]
[EventDate "2021.05.29"]

1. e4 c5 2. Nf3 Nc6 3. c3 d5 4. exd5 Qxd5 5. d4 Bg4 6. Be2 Nf6 7. c4 Qh5 8. d5
Ne5 9. Nxe5 Qxe5 10. Nc3 e6 11. O-O Bd6 12. f4 Qh5 13. Bxg4 Nxg4 14. h3 Nf6 15.
dxe6 O-O-O 16. Qxh5 Nxh5 17. exf7 Rhf8 18. Ne4 Rxf7 19. Ng5 Re7 20. Nxh7 Ng3 21.
Rf3 Ne2+ 22. Kh2 Rh8 23. Ng5 Rh5 24. Kh1 Nd4 25. Rf1 Ne2 26. g4 Rxg5 27. fxg5
Ng3+ 28. Kg2 Nxf1 29. Kxf1 Rf7+ 30. Kg2 Re7 31. Kf1 Re4 32. Bd2 Rxc4 33. Bc3 g6
34. Rd1 Bf4 35. Bf6 Re4 36. Kf2 Kc7 37. Kf3 Rc4 38. b3 Rb4 39. Bc3 Bxg5 40. Bxb4
cxb4 41. Kg3 Kc6 42. h4 Be3 43. Kf3 Bc5 44. Kf4 Be7 45. h5 gxh5 46. gxh5 a5 47.
h6 Bf6 48. Kf5 Bb2 49. Kg6 b5 50. h7 a4 51. Rf1 Kd5 52. Rf6 Bxf6 53. Kxf6 Kd4
54. h8=Q Kc3 55. Kf5+ Kc2 56. Qa1 axb3 57. axb3 Kxb3 58. Ke4 Kc4 59. Qb1 b3 60.
Ke3 b4 61. Qb2 Kb5 62. Kd3 Ka5 63. Qxb3 Kb5 64. Kd4 Ka5 65. Kc5 Ka6 66. Qxb4 Ka7
67. Kc6 Ka8 68. Qb7# 1-0

[Event "Women's Speed Chess Q2"]
[Site "chess.com INT"]
[Date "2021.05.29"]
[Round "3"]
[White "Zaichenko, Daria"]
[Black "Farhat Willemstein, Stela Souza"]
[Result "1-0"]
[WhiteTitle "WFM"]
[BlackTitle "WFM"]
[WhiteElo "2104"]
[BlackElo "1758"]
[WhiteFideId "4197453"]
[BlackFideId "2109808"]
[EventDate "2021.05.29"]

1. e4 c5 2. Nf3 d6 3. d4 cxd4 4. Nxd4 Nf6 5. Nc3 g6 6. Bc4 Bg7 7. O-O O-O 8. h3
Nc6 9. Be3 a6 10. a4 Ne5 11. Bb3 Nfd7 12. f4 Nc6 13. Nf3 Nf6 14. Qe2 Be6 15.
Bxe6 fxe6 16. Rad1 Nh5 17. Qd2 Ng3 18. Rfe1 Qa5 19. Kh2 Nh5 20. Ng5 Nxf4 21.
Bxf4 Rxf4 22. Nxe6 Rf7 23. Nxg7 Kxg7 24. Rf1 Qe5+ 25. Kh1 Raf8 26. Rxf7+ Rxf7
27. Qd5 Qxd5 28. Nxd5 Ne5 29. b3 e6 30. Ne3 Rd7 31. c4 b6 32. b4 a5 33. bxa5
bxa5 34. Kg1 Nc6 35. c5 Nb4 36. cxd6 Kf6 37. Nc4 Nc6 38. Nb6 Rb7 39. Nc4 Kf7 40.
d7 Ke7 41. Ne5 Rxd7 42. Rxd7+ Kf6 43. Rd6 Nxe5 44. Ra6 Nc4 45. Rc6 Nb2 46. Ra6
Nc4 47. Rc6 Nb2 48. Rc5 e5 49. Rxa5 Nc4 50. Rc5 Nd2 51. Rc6+ Kg5 52. a5 Nxe4 53.
a6 Nf6 54. a7 Nd7 55. a8=Q e4 56. Qd8+ Nf6 57. Qxf6+ Kh6 58. Rc5 e3 59. Qg5+ Kg7
60. Rc7+ Kf8 61. Qd8# 1-0

[Event "Women's Speed Chess Q2"]
[Site "chess.com INT"]
[Date "2021.05.29"]
[Round "3"]
[White "Shvedova, Alexandra"]
[Black "Pourkashiyan, Atousa"]
[Result "1/2-1/2"]
[WhiteTitle "WFM"]
[BlackTitle "WGM"]
[WhiteElo "1976"]
[BlackElo "2322"]
[WhiteFideId "54154782"]
[BlackFideId "12502014"]
[EventDate "2021.05.29"]

1. e4 c5 2. Ne2 e6 3. g3 Nc6 4. Bg2 Nf6 5. c3 e5 6. O-O Be7 7. d3 d6 8. f4 a6 9.
h3 h5 10. Be3 Be6 11. Na3 b5 12. Nc2 Qc8 13. f5 Bd7 14. d4 g6 15. Kh2 gxf5 16.
exf5 e4 17. dxc5 dxc5 18. Qe1 Bxf5 19. Qf2 Bd7 20. Bxc5 Ne5 21. Qd4 Qxc5 22.
Qxc5 Nfg4+ 23. hxg4 hxg4+ 24. Kg1 Bxc5+ 25. Ncd4 Nf3+ 26. Bxf3 gxf3 27. Nf4 Rg8
28. Kf2 O-O-O 29. Rae1 Bc6 30. Rd1 Bb7 31. Rfe1 Rde8 32. Nh5 Rd8 33. Nf6 Rh8 34.
Nxe4 Rh2+ 35. Kxf3 Rxb2 36. Kf4 Bb6 37. Nf5 Bc7+ 38. Kg4 Rg8+ 39. Ng5 Rxa2 40.
Ne7+ Kb8 41. Nxg8 Rg2 42. Rd3 a5 43. Nxf7 a4 44. Re8+ Ka7 45. Re7 Bb6 46. Nf6
Ka6 47. Nd5 Bc5 48. Nc7+ Kb6 49. Red7 Rg1 50. Nd5+ Ka5 51. Nf4 Bc8 52. Ne5 Bxd7+
53. Nxd7 Bf2 54. Nh3 Rf1 55. Nxf2 Rxf2 56. Kg5 Rc2 57. g4 a3 58. Rd1 Rxc3 59.
Ne5 b4 60. Nd3 a2 61. Nxb4 Kxb4 62. Ra1 Kb3 63. Kg6 Kb2 64. Rxa2+ Kxa2 65. g5
Kb3 66. Kf6 Rf3+ 67. Ke7 Rg3 68. Kf6 Kc4 69. g6 Kd5 70. g7 Kd6 71. Kf7 Rf3+ 72.
Ke8 Rg3 73. Kf7 Rf3+ 74. Ke8 Rg3 75. Kf7 1/2-1/2

[Event "Women's Speed Chess Q2"]
[Site "chess.com INT"]
[Date "2021.05.29"]
[Round "3"]
[White "Makhija, Aashna"]
[Black "Padmini, Rout"]
[Result "0-1"]
[WhiteTitle "WIM"]
[BlackTitle "IM"]
[WhiteElo "1969"]
[BlackElo "2370"]
[WhiteFideId "25011944"]
[BlackFideId "5029295"]
[EventDate "2021.05.29"]

1. e4 c5 2. Nf3 e6 3. c3 Nf6 4. e5 Nd5 5. Bc4 d6 6. d4 cxd4 7. cxd4 Be7 8. O-O
O-O 9. Qe2 b6 10. Rd1 Bb7 11. Bxd5 Bxd5 12. Nc3 Bxf3 13. Qxf3 d5 14. Ne2 Nc6 15.
Qg4 f5 16. exf6 Rxf6 17. Bg5 Rg6 18. Nf4 Rxg5 19. Qxe6+ Kh8 20. Qxc6 Rc8 21. Qe6
Bd6 22. Rac1 Rb8 23. Nd3 Rg6 24. Qe3 Qh4 25. Ne5 Rf6 26. g3 Qh5 27. Nd7 Rh6 28.
Nxb8 Qxh2+ 29. Kf1 Qh3+ 30. Ke2 Rf6 31. Rc8+ Qxc8 32. Kd2 Qxb8 33. Re1 h6 34. f4
Qc8 35. a3 Qg4 36. Qd3 Qd7 37. Rc1 Rf8 38. Qe3 Qh3 39. Rc6 Qd7 40. Rc2 b5 41.
Rc1 b4 42. axb4 Bxb4+ 43. Ke2 Qg4+ 44. Kf2 Qf5 45. Rc6 a5 46. Re6 Kh7 47. Re5
Qc2+ 48. Kf3 Qd1+ 49. Kg2 Qc2+ 50. Kf3 Qxb2 51. Qd3+ Kh8 52. Re6 Qc3 53. Qxc3
Bxc3 54. Rc6 Bxd4 55. Ke2 a4 56. Kd3 Bb2 57. Ra6 a3 58. Kc2 d4 59. Ra7 h5 60.
Kd3 Kh7 61. Kc2 Kg6 62. Ra6+ Kf5 63. Ra5+ Kg4 64. Rg5+ Kf3 65. Rxh5 Rc8+ 66. Kb1
Rc1+ 67. Ka2 Ra1+ 68. Kb3 Bc3 69. Rh8 a2 70. Ra8 Rb1+ 71. Kc2 a1=Q 72. Rxa1 Rxa1
73. g4 Re1 0-1

[Event "Women's Speed Chess Q2"]
[Site "chess.com INT"]
[Date "2021.05.29"]
[Round "3"]
[White "Atalik, Ekaterina"]
[Black "Osmak, Iulija"]
[Result "1/2-1/2"]
[WhiteTitle "IM"]
[BlackTitle "IM"]
[WhiteElo "2430"]
[BlackElo "2425"]
[WhiteFideId "4130189"]
[BlackFideId "14101602"]
[EventDate "2021.05.29"]

1. Nf3 d5 2. e3 Nf6 3. c4 e6 4. Nc3 Be7 5. b3 O-O 6. Bb2 c5 7. d4 cxd4 8. Nxd4
Nc6 9. Nxc6 bxc6 10. Be2 a5 11. O-O Ba6 12. cxd5 cxd5 13. Bxa6 Rxa6 14. Qe2 Rc6
15. Rac1 Qa8 16. Rc2 Rfc8 17. Rfc1 h6 18. Na4 Qb7 19. Bxf6 Bxf6 20. Qd2 Rxc2 21.
Rxc2 Rxc2 22. Qxc2 Qb4 23. Kf1 Qb5+ 24. Kg1 Qb4 25. g3 Qe1+ 26. Kg2 h5 27. h4 g6
28. Nc5 Qc3 29. Qxc3 Bxc3 30. Kf3 Kf8 31. Ke2 Ke7 32. Kd3 Be1 33. Ke2 Bb4 34.
Nd3 Bc3 35. Kd1 Kd6 36. Kc2 Bf6 37. a4 e5 38. Ne1 e4 39. Ng2 Kc5 40. Nf4 d4 41.
exd4+ Bxd4 42. Nh3 Kb4 43. Ng5 Bxf2 44. Nxe4 Be1 45. Kd1 Bc3 46. Kc2 Be5 47. Ng5
f6 48. Ne4 f5 49. Nf2 Bxg3 50. Nd3+ Ka3 51. b4 Kxa4 52. bxa5 Kxa5 53. Nc5 Kb5
54. Ne6 Bxh4 55. Nf4 g5 56. Nxh5 Kc4 57. Kd2 Kd4 58. Ke2 Ke4 59. Nf6+ Ke5 60.
Nh5 f4 61. Kf3 Kf5 62. Ng7+ Kg6 63. Ne6 Kf6 64. Nd4 Ke5 65. Nc6+ Kf5 66. Nd4+
Kg6 67. Kg4 Bf2 68. Nf3 Be3 69. Ne5+ Kf6 70. Nf3 Kg6 71. Nxg5 Kf6 72. Nf3 Ke6
73. Ng5+ Kd5 74. Nf3 Ke4 75. Ng5+ Kd3 76. Nf3 Bc1 77. Ng5 Ke3 78. Nf3 Bb2 79.
Ng5 Ba3 80. Nf3 Be7 81. Ne1 Bf6 82. Ng2+ Ke4 83. Nxf4 1/2-1/2

[Event "Women's Speed Chess Q2"]
[Site "chess.com INT"]
[Date "2021.05.29"]
[Round "3"]
[White "Zakirova, Aisha"]
[Black "Mkrtchian, Lilit"]
[Result "1/2-1/2"]
[WhiteTitle "WCM"]
[BlackTitle "IM"]
[WhiteElo "1585"]
[BlackElo "2388"]
[WhiteFideId "13719734"]
[BlackFideId "13300601"]
[EventDate "2021.05.29"]

1. d4 Nf6 2. c4 c6 3. Nc3 d5 4. Nf3 dxc4 5. a4 Bf5 6. Ne5 Nbd7 7. Nxc4 Qc7 8. g3
e5 9. dxe5 Nxe5 10. Bf4 Nfd7 11. Bg2 g5 12. Ne3 gxf4 13. Nxf5 O-O-O 14. Qc2 Nc5
15. O-O fxg3 16. hxg3 a5 17. Rac1 h5 18. Ne4 Nxe4 19. Bxe4 Bb4 20. Rfd1 Kb8 21.
Kg2 Rdg8 22. Nh4 Ng4 23. Qb3 Qb6 24. Qf3 Be7 25. Nf5 Bc5 26. e3 h4 27. Rh1 Bb4
28. Qf4+ Qc7 29. Qxc7+ Kxc7 30. Rxh4 Rxh4 31. Nxh4 Nf6 32. Bf3 Bd6 33. Nf5 Be5
34. Rc5 Bxb2 35. Rxa5 Kb6 36. Ne7 Kxa5 37. Nxg8 Nxg8 38. Bd1 Ne7 39. g4 b5 40.
axb5 cxb5 41. f4 Kb4 42. Kf3 Bg7 43. f5 Kc3 44. e4 Be5 45. g5 b4 46. Kg4 b3 47.
Bxb3 Kxb3 48. Kh5 Kc4 49. g6 fxg6+ 50. fxg6 Bg7 51. Kg5 Kd4 52. e5 Kxe5 53. Kg4
Kf6 54. Kf3 Kxg6 55. Ke3 Kf5 56. Kf2 Bd4+ 57. Kg2 Kg4 58. Kh1 Nd5 59. Kh2 Nf4
60. Kh1 Nh3 61. Kg2 Nf2 62. Kh2 Kh4 63. Kg2 Kg4 64. Kh2 Be3 65. Kg2 Ne4 66. Kh1
Ng3+ 67. Kg2 Kh4 68. Kh2 Bc5 69. Kg2 Bd6 70. Kg1 Kh3 71. Kf2 Be5 72. Kf3 Kh2 73.
Ke3 Nh5 74. Kd3 Kg3 75. Kc4 Kf4 76. Kb5 Ke4 77. Ka6 Kd5 78. Ka7 Kc6 79. Ka8 Kd7
80. Kb7 Nf6 81. Ka8 Nd5 82. Kb7 Bd4 83. Ka8 Nb6+ 84. Kb7 Nd5 85. Ka8 Ne7 86. Kb7
Nc8 87. Ka8 1/2-1/2

[Event "Women's Speed Chess Q2"]
[Site "chess.com INT"]
[Date "2021.05.29"]
[Round "3"]
[White "Vo, Thi Kim Phung"]
[Black "Tokhirjonova, Gulrukhbegim"]
[Result "1/2-1/2"]
[WhiteTitle "WGM"]
[BlackTitle "WGM"]
[WhiteElo "2335"]
[BlackElo "2350"]
[WhiteFideId "12401838"]
[BlackFideId "14203626"]
[EventDate "2021.05.29"]

1. d4 Nf6 2. c4 e6 3. Nc3 Bb4 4. Qc2 d5 5. Nf3 O-O 6. cxd5 exd5 7. Bg5 h6 8. Bh4
c6 9. e3 Re8 10. Bd3 Nbd7 11. O-O Nf8 12. a3 Be7 13. b4 a6 14. Rab1 Be6 15. a4
Rc8 16. Rfc1 Nh5 17. Bxe7 Qxe7 18. Bf5 Nf6 19. Bd3 N8d7 20. Ne2 Bg4 21. Bf5 Bxf5
22. Qxf5 Ne4 23. Ng3 Nxg3 24. hxg3 g6 25. Qf4 Kg7 26. Qh4 Qxh4 27. gxh4 Nb6 28.
a5 Nc4 29. Kf1 Kf6 30. Ke2 Rc7 31. Nd2 Nd6 32. Nb3 Rce7 33. Kf1 h5 34. g3 Nc4
35. Rd1 Ke6 36. Nc5+ Kd6 37. Nd3 Kc7 38. Nb2 Nd6 39. Nd3 Ne4 40. Rbc1 Kd6 41.
Nc5 Kc7 42. Nxe4 Rxe4 43. Rc2 R4e6 44. Kg2 Kd6 45. Rg1 Rf6 46. Rgc1 Kd7 47. Rd1
Ree6 48. Rdd2 Rf5 49. Re2 Re8 50. f3 Rf6 51. Kf2 Rfe6 52. Rc3 f6 53. f4 Re4 54.
Kf3 Ke6 55. Rg2 Kf5 56. Rh2 Rh8 57. Rh1 g5 58. hxg5 fxg5 59. fxg5 Kxg5 60. Ke2
Rf8 61. Rcc1 Rfe8 62. Rc3 Rg4 63. Rg1 Kg6 64. Kf3 Rf8+ 65. Ke2 h4 66. Rcc1 hxg3
67. Rg2 Kg5 68. Rcg1 Kh4 69. Rh1+ Kg5 70. Rh3 Re8 71. Rhxg3 Rxg3 72. Rxg3+ Kf6
73. Kf3 Rf8 74. Rh3 Ke7+ 75. Ke2 Rf7 76. Rh6 Rg7 77. Rh8 Kf6 78. Kd3 Kf5 79. Rb8
Ke6 80. Rd8 Rf7 81. Rb8 Kd6 82. Rd8+ Kc7 83. Rh8 Rg7 84. Rh6 Re7 85. Rh5 Rg7 86.
Rh6 Rf7 87. Rh3 Re7 88. Rh6 Rf7 89. Kd2 Rg7 90. Kd3 1/2-1/2

[Event "Women's Speed Chess Q2"]
[Site "chess.com INT"]
[Date "2021.05.29"]
[Round "3"]
[White "Nandhidhaa, P V"]
[Black "Vantika, Agrawal"]
[Result "1/2-1/2"]
[WhiteTitle "WGM"]
[BlackTitle "WIM"]
[WhiteElo "2365"]
[BlackElo "2286"]
[WhiteFideId "5050847"]
[BlackFideId "25050389"]
[EventDate "2021.05.29"]

1. e4 c5 2. b3 g6 3. Bb2 Nf6 4. e5 Nd5 5. Qf3 Nc7 6. h4 Nc6 7. Qg3 Nd4 8. Bd3 d6
9. exd6 Qxd6 10. Qxd6 exd6 11. Bxd4 cxd4 12. Na3 Bg7 13. Nb5 Nxb5 14. Bxb5+ Kd8
15. d3 d5 16. b4 a6 17. Ba4 b5 18. Bb3 Re8+ 19. Ne2 Be6 20. O-O Kc7 21. Nf4 Kd6
22. Rfe1 Bh6 23. Nxe6 fxe6 24. Re2 e5 25. a4 Bg7 26. axb5 axb5 27. Ra5 Rxa5 28.
bxa5 Ra8 29. f4 exf4 30. Rf2 Be5 31. Rf1 Rxa5 32. Rb1 Kc5 33. Kf2 Ra8 34. Kf3
Re8 35. Re1 Re7 36. Re2 h6 37. Re1 Kd6 38. Re2 Ra7 39. Re1 Ra8 40. Rd1 Rb8 41.
Re1 Rc8 42. Ra1 Rc6 43. Ra7 Rc7 44. Ra6+ Rc6 45. Rxc6+ Kxc6 46. Kg4 Kd6 47. Kf3
Ke6 48. Kg4 Kd6 49. Kf3 Kc5 50. Kg4 Bd6 51. Kf3 Be7 52. Kg4 Bf6 53. Kxf4 Bxh4
54. Kf3 Bf6 55. Kf4 Kb4 56. Bxd5 Kc3 57. Bb3 Kd2 58. Kf3 Ke1 59. Bd5 h5 60. Be4
g5 61. Bg6 g4+ 62. Kg3 Be5+ 63. Kh4 Kf2 64. Bxh5 g3 65. Bf3 b4 66. Kg4 Ke3 67.
Bd5 Kd2 68. Bb3 Ke2 69. Bc4 Kf2 70. Bd5 Bd6 71. Kf5 Bb8 72. Kg4 Bc7 73. Kf5 Bd6
74. Kg4 Bb8 75. Kf5 Ke1 76. Ke4 Kd2 77. Bb3 Ba7 78. Kd5 Ke2 79. Kc4 Kf2 80. Kxb4
Kxg2 81. Bd5+ Kf2 82. c3 dxc3 83. Kxc3 g2 84. Bxg2 Kxg2 85. d4 Bxd4+ 1/2-1/2